MDQL
is popping MORE tags! Check the
thread
!
Quizzes
Events
Quiz Creation
Community
Videos
Private Events
Remove Ads
Sign In
Join for FREE
Feedback
Dark Mode
Quiz Categories
Sports
Geography
Music
Movies
Television
Just For Fun
Miscellaneous
History
Literature
Language
Science
Gaming
Entertainment
Religion
Holiday
For Kids
Quiz Lab
Recent
Popular Today
Quiz Kudos Today
Editor Picks
Curator Picks
Quizzes by...
Day
Popularity
Type
Ratings
Length
Year
Community
Subscriptions
Recent Discussions
Orange Saloon
Badges
Playlists
Quests
Create
Leaderboards
Showdown
Live 5
Trivia Bingo
Activity
Puzzle Library
Sporcle Events
Private Events
Virtual Trivia
Globe League
Become a Host
Pub Owners
SporcleCon
Opinionation
Our Games
Videos
Blog
Mobile Apps
Partnerships
Remove Ads and Go Orange
Feedback
Sports
Athletes
MLB
NBA
NHL
NFL
Soccer
Sports Teams
WWE
NCAA
Football
Premier League
Basketball
Baseball
Hockey
Golf
Tennis
Cricket
Rugby
Auto Racing
Olympics
World Cup
Sports
Athletes
MLB
NBA
NHL
NFL
Soccer
Sports Teams
WWE
NCAA
Football
Premier League
Basketball
Baseball
Hockey
Golf
Tennis
Cricket
Rugby
Auto Racing
Olympics
World Cup
Random Quiz
Search Sporcle
×
Quiz Lab
Quiz Lab
Sports
City
Type in answers that appear in a list
Type in answers that appear in a list
Classic
Best Score? Go Orange.
US Cities' Most Recent Sports Championship Stats
Can you name the Cities' Last Sports Championship?
By
dbloomy
5m
33 Questions
209 Plays
209 Plays
209 Plays
Comments
Comments
Give Quiz Kudos
Give Quiz Kudos
-
- Ratings
hide this ad
More Info
Replay
Link that replays current quiz
Next Quiz
Link to next quiz in quiz playlist
You Got
0%
They Got
Avg Score
87%
Avg Friend Score
Upgrade to see
Score Distribution
Jump to the score distribution portion of the page
Score
0/33
Timer
05:00
0
Plays Today
Date
Team
% Correct
Cincinnati
Reds
96.2%
Green Bay
Packers
94.3%
Atlanta
Braves
93.8%
Baltimore
Ravens
93.8%
Indianapolis
Colts
93.8%
Boston
Celtics
93.3%
Miami
Heat
93.3%
Anaheim
Ducks
92.8%
New Orleans
Saints
92.8%
Chicago
Blackhawks
92.3%
Detroit
Red Wings
90.4%
Los Angeles
Lakers
90.4%
New York
Yankees
90.4%
Pittsburgh
Penguins
90.4%
Cleveland
Browns
90%
San Antonio
Spurs
90%
Oakland
Athletics
89.5%
Date
Team
% Correct
Milwaukee
Bucks
88.5%
San Francisco
Giants
88.5%
St. Louis
Cardinals
88%
Philadelphia
Phillies
87.6%
Portland
Trailblazers
87.6%
Dallas
Stars
87.1%
Kansas City
Royals
85.6%
Minneapolis
Twins
85.2%
Houston
Rockets
83.7%
Phoenix
Diamondbacks
82.3%
Denver
Avalanche
81.3%
New Jersey
Devils
80.9%
Washington DC
Redskins
80.9%
Seattle
Supersonics
79.4%
Tampa
Lightning
76.6%
Raleigh/
Charlotte
Hurricanes
68.4%
Quiz Playlist
Details
Report
Send in Message
Add To Playlist
More Info:
Big 4 sports only... Giants and Jets are considered NY... Raleigh and Charlotte are considered the same... No AFL... Only current pro cities
Classic:
Type in answers that appear in a list
Last Updated: Feb 16, 2017
Quiz Scoreboard
CHALLENGE
Sign Up to Join the Scoreboard
Show All
Scores
Hide
Comments
May contain spoilers
Recently Published
Colored Red Africa Blitz
by spor1
Geography
30s
Find the 'City' Movie
by crazypaving
Movies
60s
5x2 Blitz: Bands
by SL_Kpop136
Music
30s
More to Explore
Quiz From the Vault
Featured Blog Post
14 Easter Pick-up Lines to Find Eggs With
hide this ad
You Might Also Like...
Tags
City Quiz
Championship
date
last
recent
team
Today's Top Quizzes in Sports
Browse Sports
hide this ad
Today's Top Quizzes in City
Browse City
Top Contributed Quizzes in Sports
1
Players with Multiple 50 Home Run Seasons
2
Les entraîneurs de l'OM et du PSG au 21e siècle
3
Criteria MLB: Left Handed Sluggers
4
2022 World Cup Stars
5
Les meilleurs buteurs des matchs entre le PSG et l’OM
6
Who Hit More Homers?
7
Les joueurs passés par le PSG et l'OM
8
NBA Logic Puzzle 2.0
9
Top 10 NHL Goal Scorers of All Time
10
MLB Players with Two .350 Batting Average Seasons
Explore More
Trending Topics
Harry Potter
Crossword
Anime
Marvel
NBA
Kpop
Disney
WWE
Puzzle
Country
NFL
The Office
Song
Pokémon
Soccer
hide this ad
More By:
dbloomy
Quiz
Plays
Rating
Category
Featured
Created
What cities do the NFL teams play in?
3,792
3.80
Sports
Jul 13, 2010
The Previous Baseball Stadium Quiz
586
3.56
Sports
Jul 21, 2010
Led Zeppelin A to Z
505
4.50
Music
Jun 9, 2010
SNL Presidents
336
4.00
Television
Jun 8, 2010
Classic Sitcom Networks
271
4.33
Television
Sep 29, 2010
Go to Creator's Profile
Score Distribution
Quiz Creator Spotlight
dbloomy
Follow
Send a Message
Quizzes Created
-
Created Quiz Play Count
-
More By This Creator
Popular Quizzes Today
1
Find the 'City' Movie
2
Colored Red Africa Blitz
3
Find the US States - No Outlines Minefield
4
5x2 Blitz: Bands
5
The Countries of the World
6
Find the US States
7
US States
8
9x9 Crossword: Cartoon Network
More Sports Quizzes
Charlotte Hornets Stat Leaders 2010s
Quiz Lab
Trending Quizzes
Colored Red Europe Blitz I
Colored Red Africa Blitz II
Colored Red Europe Blitz II
Colored Red Africa Blitz III
Colored Red Europe Blitz III
Recently Updated
2024 March Madness Bracket
pecheneg
Famous TV Couples
Peacemaker
Champions League XIs: Real Madrid
pecheneg
Largest US Cities 1790-2010
pecheneg
Rides in Walt Disney World
pecheneg
Most Oscar Losses (Acting)
pecheneg
Beyoncé Albums
pecheneg
Leaping Animals
pecheneg
Reality TV Shows (A-Z)
bhenderson79
Rickey Henderson's Hall of Fame Teammates
pecheneg
Trending Topics
Marvel
Anime
Crossword
Harry Potter
Kpop
NBA
Disney
Country
NFL
The Office
Song
Pokémon
Puzzle
Soccer
WWE
Your Account Isn't Verified!
In order to create a playlist on Sporcle, you need to verify the email address you used during registration. Go to your
Sporcle Settings
to finish the process.
Report this User
Report this user for behavior that violates our
Community Guidelines
.
Details:
Send Report
Go to the Sporcle.com Mobile Site →
Comments